01490nam a22002657a 4500999001700000003000400017005001700021008004100038020001900079040001700098050002300115082002300138100003200161245006900193260008900262300002000351490003600371500009500407653044900502856001300951942001200964953000600976952012100982952012101103 c28969d28969OSt20260515115532.0260515b ||||| |||| 00| 0 eng d a 9789536090594 aBSHUAbShqip b78.03(496.51)/Per. b78.03(496.51)/Per. aPerkola, (Palokaj) Kristina aThe outlines of a social history of music in Kosovo 1945 to 2020 aZagreb:bHrvatsko muzikološko društvo – Croatian Musicological Society,c2025. a398 f.;c24 cm. aMuzikologija Bez Granica vBr.5 aUrednik - editor : Stanislav Tuksar Recenzenti - Reviewers - Shane McMahon , Mikaela Minga aMuzika shqiptare - Muzika ne Kosove - Muzikologjia - Historia shoqërore e muzikës në Kosovë - Praktikat tradicionale folklorike - aZhanret moderne popullore - Shoqerite artistike kulturore - Shoqeria "Perparimi" ne Peje - Shoqeria "Agimi" ne Prizren -aEdukimi muzikor - Zhvillimet - Orkestra simfonike - Kori - Filarmonia e Kosoves - Festivalet muzikore - Kompozimet - aEtnomuzikologjia dhe Muzikologjia ne Kosove - aGjuha angleze  yFulltext 2udccBK a0 00102udc4070aUArtLib2bUArtLib2cGENd2026-05-15g4000.00o78.03(496.51)/Per.p68717r2026-05-15w2026-05-15yBK 00102udc4070aUArtLib2bUArtLib2cGENd2026-05-15g4000.00o78.03(496.51)/Per.p68718r2026-05-15w2026-05-15yBK